000 00598nam a22002177a 4500
003 UA-OsUOA
001 79013
007 ta
008 20111027b un ||||| |||| 00| 0 ukr d
100 _aВижга В.
090 _a330(477)
_bВ42
942 _cSA
040 _aUA-OsUOA
_bukr
_cUA-OsUOA
_dUA-OsUOA
245 _aДодаткові розтрати бюджетних коштів
300 _aС.32-38
955 _a0
041 _aukr
080 _a330(477)
773 0 _w79010
_tФінансовий контроль
_dК.
_d2011
_g8
650 7 _a330 Економіка взагалі
_2UDC
999 _c365328
_d365328